000 00409nam a2200181Ia 4500
005 20250423094348.0
008 250422s9999 xx 000 0 und d
020 _a9781844801602
050 _aHF 5823 .Y47/
100 _aYeshin, Tony
245 0 _aAdvertising
260 _aHampshire
260 _bCengage Learning EMEA
260 _c2011
300 _a465 p
650 _aAdvertising.
942 _cBK
999 _c27015
_d27015